000 00247nam a2200085Ia 4500
245 0 _aState of the nation : South Africa 2008
100 _a Kagwanja, Mwangi Cape Town, 2009
_920420
942 _cBK
008 210817s9999 xx 000 0 und d
999 _c268767
_d268766